000 00649nam a2200253Ia 4500
003 OSt
005 20220924152802.0
006 a|||||r|||| 00| 0
007 ta
008 220923b |||||||| |||| 00| 0 tel d
020 _cRs.30
024 _a344599
037 _cTextual
040 _aARTS
_cARTS
_btel
041 _2tel
_atel
082 _aO35,1:g, M8
100 _aVempati Ammanna Sastri Au.
_9227463
245 0 _aMahavakyaratna Prabhavalihi
260 _c1988
300 _a279p.
_ccm.
650 _aTELUGU LITERATURE
942 _hO35,1:g, M8
_cTEXL
_2CC
999 _c470984
_d470984